000 nam a22 7a 4500
999 _c54934
_d54934
003 OSt
005 20220806161529.0
008 220806b xxu||||| |||| 00| 0 eng d
040 _cIIMT UNIVERDSITY
100 _aMITTAL, P.K
245 _aCALCULUS
260 _aMEERUT
_bS.J
_c2007
300 _a609
942 _2ddc
_c09